Statistics for Every WWE Main Eventer Ever

Click here to take the quiz!

General Stats

  • This quiz has been taken 698 times
    (637 since last reset)
  • The average score is 67 of 158

Answer Stats

#Wrestler% Correct
63John Cena
97%
58The Undertaker
96%
1The Undertaker (Fake)
96%
61Triple H
95%
40Randy Orton
94%
20Hulk Hogan
92%
24Kane
92%
31The Rock
92%
38Shawn Michaels
91%
15Seth Rollins
90%
24Brock Lesnar
89%
18Roman Reigns
89%
38Stone Cold Steve Austin
89%
21Edge
85%
20Batista
84%
13Dean Ambrose
84%
15Big Show
82%
21Chris Jericho
82%
1Ric Flair
82%
18CM Punk
80%
9Daniel Bryan
80%
8The Miz
78%
18Kurt Angle
77%
2Christian
76%
6Rey Mysterio
76%
6Jeff Hardy
75%
7AJ Styles
72%
10Chris Benoit
71%
7Randy Savage
71%
10Sheamus
71%
5Bray Wyatt
70%
4Eddie Guerrero
70%
16Bret Hart
69%
13Kevin Nash
69%
4Nicky/Dolph Ziggler
69%
5Ultimate Warrior
69%
13Mick Foley
68%
7Goldberg
67%
1Cody Rhodes
66%
5Alberto Del Rio
65%
5Kevin Owens
64%
3Mark Henry
64%
4Andre The Giant
62%
11John Bradshaw Layfield
62%
5Bobby Lashley
60%
11Booker T
59%
5Braun Strowman
58%
4Ted DiBiase
58%
1Ted DiBiase Jr
58%
6Rob Van Dam
57%
6Yokozuna
57%
5Wade Barrett
55%
3Owen Hart
53%
2The Great Khali
53%
2Roddy Piper
52%
1Sami Zayn
52%
5Skip Sheffield/Ryback
52%
4Vince McMahon
50%
3Cesaro
49%
2Finn Balor
49%
2Shinsuke Nakamura
49%
6Shane McMahon
48%
3Jinder Mahal
47%
4John Morrison
47%
9Sid
47%
1Luke Harper
46%
2Umaga
45%
1Erick Rowan
44%
1Goldust
44%
2Sgt Slaughter
44%
2Rikishi
43%
5R-Truth
43%
1Sasha Banks
43%
1Billy Gunn
42%
1Mr T
42%
2Lex Luger
40%
1Heath Slater
39%
1Rusev
39%
4Bam Bam Bigelow
37%
2King Kong Bundy
37%
1Charlotte
36%
1Test
36%
2Big Bossman
35%
1Carlito
34%
1Paul Roma
34%
4Samoa Joe
34%
1Sting
34%
10British Bulldog
33%
1Justin Gabriel
33%
2Paul Orndorff
32%
1Road Dogg
32%
3D-Von Dudley
31%
1Mabel
31%
2Rick Rude
31%
2Baron Corbin
30%
1David Otunga
30%
1Jerry Lawler
30%
2Jim Neidhart
30%
3Bubba Ray Dudley
29%
3Vader
29%
1Colonel Mustafa
28%
2Finlay
28%
1Lawrence Taylor
28%
1Tommy Dreamer
28%
2Ken Shamrock
27%
1Diamond Dallas Page
26%
1Hardcore Holly
26%
2Hawk
26%
2Animal
25%
1Chris Masters
24%
1Darren Young
24%
1Michael Tarver
23%
1Tito Santana
23%
1Rhyno
22%
1Bobby Roode
21%
1The Sandman
21%
1Earthquake
20%
1Ahmed Johnson
18%
2Brutus Beefcake
18%
1Scott Steiner
17%
1Chainsaw Charlie
16%
1Irwin R Shyster
16%
1Brian Pillman
15%
1Crush
15%
2Haku
15%
1Typhoon
15%
1Marty Jannetty
14%
1Tatanka
14%
1Don Muraco
13%
1Faarooq
13%
1Kenny
13%
2Zeus
13%
1Rick Martel
12%
2Hercules
11%
1Junkyard Dog
11%
1Maven
11%
1Mikey
11%
1Savio Vega
11%
1Akeem
10%
1General Adnan
10%
1Gene Snitsky
10%
1Johnny
10%
1Mike Knox
10%
1Mitch
10%
1Paul Heyman
10%
1Rick Steiner
9%
1The Warlord
9%
1Butch Reed
8%
1Bobby Heenan
7%
1Hillbilly Jim
7%
1Ken Patera
7%
1Koko B Ware
7%
1One Man Gang
7%
1Arn Anderson
6%
1John Laurinaitis
6%
1Ludvig Borga
5%
1Jacques
4%
1Red Rooster
4%

Score Distribution

Percentile by Number Answered

Percent of People with Each Score

Your Score History

You have not taken this quiz since the last reset